| 000 | 00804nam a22002777a 4500 | ||
|---|---|---|---|
| 001 | 200461001 | ||
| 003 | TR-AnTOB | ||
| 005 | 20240905164522.0 | ||
| 008 | 240612b tu ||||| |||| 00| 0 tur d | ||
| 020 | _a9786051883700 | ||
| 040 |
_aTR-AnTOB _beng _erda _cTR-AnTOB |
||
| 041 |
_atur _beng |
||
| 092 |
_a372.241 _b FER 2022 |
||
| 100 | _qFerry, Beth | ||
| 245 |
_aSopa ile taş/ _cBeth Ferry ; çeviren : Nurten Hatırnaz. |
||
| 250 | _ayeni bs. | ||
| 260 |
_aİstanbul : _bBeyaz Balina Yayınları, _c2022. |
||
| 300 |
_bill. ; _c22 cm. |
||
| 336 |
_atext _btxt _2rdacontent |
||
| 337 |
_aunmediated _bn _2rdamedia |
||
| 338 |
_avolume _bnc _2rdacarrier |
||
| 700 | 1 |
_aHatırnaz, Nurten _etranslator. _9138461 |
|
| 942 |
_2ddc _cBK |
||
| 999 |
_c200461001 _d79213 |
||